Manual de las gramíneas /
Guardado en:
| Autor Principal: | |
|---|---|
| Otros Autores: | |
| Formato: | Libro |
| Publicado: |
Barcelona :
Omega,
1987
|
| Materias: | |
| Etiquetas: |
Agregar Etiqueta
Sin Etiquetas, Sea el primero en etiquetar este registro!
|
| LEADER | 01166nam a22002055a 4500 | ||
|---|---|---|---|
| 001 | CEM.cems017663 | ||
| 005 | 20110811104248.0 | ||
| 008 | 130507s1987##################000#0#####d | ||
| 003 | CEMS | ||
| 020 | |a 8428207798 | ||
| 082 | 0 | 4 | |a 584.8 |
| 100 | 1 | |a Klapp, Ernst | |
| 245 | 1 | 0 | |a Manual de las gramíneas / |c Ernst Klapp |
| 260 | |a Barcelona : |b Omega, |c 1987 | ||
| 300 | |a 278 p. | ||
| 505 | 0 | |a Lapso vital, crecimiento y rasgos distintivos de las gramíneas -- Diferenciación entre las gramíneas y las ciparáceas y las juncáceas -- Clave para determinar las gramíneas en período de floración -- Clave para la determinación de gramíneas fuera de período de floración -- Las gramíneas en figuras -- Forma de vida y utilización de las gramíneas -- Tablas sobre los modos de vida, los requerimientos de lugar y la utilidad de las gramíneas -- Plantas forrajeras dignas de sembrarse para finalidades agrícolas (pastos y prados permanentes, cultivos de plantas forrajeras) y su utilización -- Siembra de céspedes (P. Boeker) -- | |
| 653 | |a Gramíneas | ||
| 653 | |a Césped | ||
| 700 | 1 | |a Boeker, P. | |
| 859 | |a CEMS |b BIB. CEMS - Agricultura |h 584.8 |i K663 |p A1412.11 |t Ej.1 | ||
